Statistiques concernant Villes d'Occitanie - Click Quiz (difficile)

Cliquez ici pour prendre le quiz!

Statistiques générales

  • Ce quiz a été pris 124 fois
  • Le résultat moyen est 9 sur 20

Statistiques - réponses

HintRéponse% Correct
La Grande-MotteHérault
66%
UzèsGard
63%
MarseillanHérault
60%
Aigues-MortesGard
56%
FrontignanHérault
55%
Saint-AffriqueAveyron
54%
Port-la-NouvelleAude
52%
Bagnols-sur-CèzeGard
51%
Saint-Lary-SoulanHautes-Pyrénées
48%
Argelès-GazostHautes-Pyrénées
45%
GaillacTarn
45%
LodèveHérault
44%
Pont-Saint-EspritGard
41%
MarvejolsLozère
40%
MoissacTarn-et-Garonne
38%
LavelanetAriège
36%
L'Isle-JourdainGers
36%
GourdonLot
36%
LavaurTarn
32%
RevelHaute-Garonne
31%

Distribution des résultats

Percentile par nombre de réponses

% des personnes avec chaque résultat

Votre développement - résultats

Vous n’avez pas pris ce quiz